00381nam a2200145Ia 4500008004100000020001800041082001500059100001500074245005000089250000600139260003800145300001700183500002500200650001000225230524s9999 xx 000 0 und d a9788189928841 a624.2bBIN aS.P.Bindra 0aPrinciples and Practice of Bridge Engineering a9 aNew DelhibDhanpat Rai Pub.c2012 a"VIII,489p;" aQuantity Number: 12 aCivil